| 000 | 01218nmm a2200349 a 4500 | ||
|---|---|---|---|
| 001 | ocm000598035 | ||
| 003 | TR-IsHL | ||
| 005 | 20201028130856.0 | ||
| 008 | 131010s2007 tu tur | ||
| 007 | cr cn | ||
| 020 | _a9789758789108 | ||
| 035 |
_a598035 _b(N$T) |
||
| 050 | 0 | 4 |
_aDS51.I9 _bD91 2007 |
| 090 | 0 | 4 |
_aDS51.I9 _bD91 2007 |
| 245 | 1 | 0 |
_aDünden bugüne İzmir'in sosyal ve ekonomik gelişimi _h[electronic resource] / _chaz. I. Hakan Yetkiner |
| 250 | _a1. bs. | ||
| 260 |
_aİzmir : _bİzmir Ekonomi Üniversitesi, _c2007 |
||
| 300 | _a84 p. | ||
| 650 | 4 | _aEkonomi ve Finans | |
| 650 | 4 | _aEconomics and Finance | |
| 650 | 0 | _aEkonomi ve Finans | |
| 650 | 0 | _aEconomics and Finance | |
| 650 | 0 |
_aİzmir (Türkiye) _xTarih |
|
| 650 | 0 |
_aİzmir(Turkey) _xHistory |
|
| 650 | 0 |
_aİzmir (Türkiye) _xSosyal yaşam ve gelenekler |
|
| 650 | 0 |
_aIzmir (Turkey) _xSocial life and customs |
|
| 650 | 0 |
_aİzmir (Türkiye) _xEkonomik koşullar |
|
| 650 | 0 |
_aİzmir (Turkey) _xEconomic conditions |
|
| 650 | 7 |
_aBUSINESS & ECONOMICS / Economic Conditions _2bisacsh |
|
| 700 | 1 | _aYetkiner, I. Hakan | |
| 856 | 4 | 0 | _uhttp://search.ebscohost.com/login.aspx?direct=true&scope=site&db=e011xww&AN=598035 |
| 999 |
_c4259 _d4259 |
||